000 00433nam a2200157Ia 4500
008 230917s9999||||xx |||||||||||||| ||und||
040 _e75156
_aMAIN
041 _aEnglish
082 _a658.3 R538O
100 _aRobbins, Stephen P
245 0 _aOrganizational behaviour: concepts, controversies and applications
250 _a3rd ed.
260 _aNew Delhi
_bPrentice-Hall of India
_c1988
300 _axix, 554 p.
942 _cBK
999 _c58377
_d58377